| 000 | 00957nam a2200217Ia 4500 | ||
|---|---|---|---|
| 003 | IN-BaIIA | ||
| 008 | 211028s9999 xx s 000 0 eng d | ||
| 020 | _a978-1-107-19257-7 (Print) | ||
| 022 | _a1743-9213 (Print) | ||
| 022 | _a1743-9221 (Online) | ||
| 040 | _cIIA Library | ||
| 100 |
_aCunningham, Maria, ed. _940714 |
||
| 245 | 0 |
_aAstrochemistry VII: Through the Cosmos from Galaxies to Planets _h[eBook] |
|
| 260 |
_aCambridge _bCambridge University Press _c2018 |
||
| 300 | _aOnline resource | ||
| 490 | _aIAU Symposium; no. 332 | ||
| 700 |
_aAikawa, Yuri, ed. _940715 |
||
| 700 |
_aMillar, Tom, ed. _940716 |
||
| 856 |
_uhttps://www.cambridge.org/core/journals/proceedings-of-the-international-astronomical-union/issue/astrochemistry-vii-through-the-cosmos-from-galaxies-to-planets/225C0AA0260C070E35CC510E7948654B _yClick Here to Access eBook |
||
| 942 | _cEB | ||
| 999 |
_c22041 _d22041 |
||